Evvel zaman içinde... İzmir (Record no. 1438)

MARC details
000 -BAŞLIK
Sabit Uzunlukta Kontrol Alanı 00832na a2200277 4500
001 - KONTROL NUMARASI
Denetim Alanı 16720
003 - KONTROL NUMARASI IDENTIFIER
Denetim Alanı MIRAKIL
005 - SON İŞLEM TARİHİ VE ZAMANI
Denetim Alanı 20181213154823.0
008 - SABİT-BOY VERİ ELEMANLARI - GENEL BİLGİLER
Sabit Uzunlukta Kontrol Alanı 161013b tu 000 0
020 ## - ULUSLARARASI STANDART KİTAP NUMARASI
Uluslararası Standart Kitap Numarası 9786056046001
040 ## - KATALOGLAMA KAYNAK
Orijinal Kataloglama Ajansı Milas
Kataloglama Dili tur
Metne Dönüştürmek Ajansı TR-AnCHP
041 ## - DİL KODU
Metin / Ses Parça Veya Ayrı Başlığın Dil Kodu tur
-- eng
082 ## - DEWEY ONLU SINIFLANDIRMA NUMARASI
Sınıflandırma Numarası 956.211
Ürün Numarası Y33e 2009
090 ## - SINIFLAMA NUMARASI
Sınıflama Numarası 956.211 Y33e 2009
100 ## - ANA GİRİŞ - KİŞİSEL İSİM
Kişisel Ad Yeğin, Uğur
245 ## - BAŞLIK TABLOSU
Başlık Evvel zaman içinde... İzmir
Başlığın Kalan = Once upon a time... İzmir
Sorumluluk Tablosu, Vb yay. haz: Uğur Yeğin
246 ## - UNVAN FORM VARYING
Başlık Doğru / Kısa Başlığı İzmir
246 ## - UNVAN FORM VARYING
Başlık Doğru / Kısa Başlığı Once upon a time... İzmir
260 ## - YAYIN, DAĞITIM, VB
Yayın, Dağıtım, Vb Yeri İstanbul
Yayıncı, Dağıtıcı, Vs Adı D yayınevi
Yayın, Dağıtım, Vb Tarihi 2009
300 ## - FİZİKSEL TANIM
Kapsam 323 s.
Diğer Fiziksel Ayrıntıları fotg.
Boyutlar 31 sm.
440 ## - SERİSİ TABLOSU / KATMA GİRİŞİ - BAŞLIK
Başlık İzmir Ticaret Odası Kültür, Sanat ve Tarih Yayınları
Hacim / Ardışık Tanımı 10
504 ## - KAYNAKÇA VB NOT
Kaynakça Vb Notu Kaynakça ve dizin var.
651 ## - KONU KATMA GİRİŞ - COĞRAFİ ADI
Coğrafi İsim İzmir
Genel Alt Bölümü Tarih
651 ## - KONU KATMA GİRİŞ - COĞRAFİ ADI
Coğrafi İsim İzmir
Genel Alt Bölümü Kartpostallar
Kronolojik Alt Bölümü Tarih
942 ## - EKLENDİ GİRİŞ ELEMANLARI (KOHA)
Sınıflandırma Veya Raf Düzeni Kaynak Dewey Decimal Classification
Koha Öğesi Türü Books
999 ## - SİSTEM KONTROL NUMARALARI (KOHA)
Koha Biblionumber 1438
Koha Biblioitemnumber 1438
Holdings
Kalıcı Konum Mevcut Konum Edinme Tarihi Edinim Kaynak Toplam Check-Out'Lar Tam Çağrı Numarası Barkod Tarih Son Görülme İtibaren Geçerli Fiyatlar Koha Öğesi Türü
CHP Kütüphanesi CHP Kütüphanesi 10/10/2016 Bağış   956.211 Y33e 2009 006842 10/10/2016 10/10/2016 Books